Pinochet's economists <the> Chicago School in Chile
Guardado en:
| Autor principal: | |
|---|---|
| Formato: | Libro |
| Lenguaje: | inglés |
| Publicado: |
New York
Cambridge University Press
2008
|
| Colección: | Historical perspectives on modern economics
|
| Materias: | |
| Etiquetas: |
Sin Etiquetas, Sea el primero en etiquetar este registro!
|
MARC
| LEADER | 00000nam$a2200000$$$4500 | ||
|---|---|---|---|
| 001 | 0078227 | ||
| 005 | 20240306135908.1 | ||
| 020 | |a 978-0-521-06440-8 | ||
| 041 | 0 | |a eng | |
| 044 | |a US | ||
| 245 | 1 | 0 | |a Pinochet's economists |b <the> Chicago School in Chile |c Juan Gabriel Valdés |
| 264 | 1 | |a New York |b Cambridge University Press |c 2008 | |
| 300 | |a xiii, 334 s. | ||
| 490 | 1 | |a Historical perspectives on modern economics | |
| 830 | 0 | |a Historical perspectives on modern economics | |
| 610 | 2 | 0 | |a Čile |
| 610 | 2 | 0 | |a situácia hospodárska |
| 610 | 2 | 0 | |a vývoj hospodársky |
| 610 | 2 | 0 | |a politika hospodárska |
| 610 | 2 | 0 | |a vzdelanie ekonomické |
| 610 | 2 | 0 | |a ekonómovia |
| 100 | 1 | |a Valdés, Juan Gabriel | |